Detalles MARC
| 000 -CABECERA |
| campo de control de longitud fija |
01918nam a2200241 a 4500 |
| 003 - IDENTIFICADOR DEL NÚMERO DE CONTROL |
| campo de control |
DO-SdBNP |
| 005 - FECHA Y HORA DE LA ÚLTIMA TRANSACCIÓN |
| campo de control |
20211006115023.0 |
| 007 - CAMPO FIJO DE DESCRIPCIÓN FÍSICA--INFORMACIÓN GENERAL |
| campo de control de longitud fija |
ta |
| 008 - DATOS DE LONGITUD FIJA--INFORMACIÓN GENERAL |
| campo de control de longitud fija |
211005e2015 dr ad||fr|||| 00| edspa d |
| 020 ## - NÚMERO INTERNACIONAL ESTÁNDAR DEL LIBRO |
| Número Internacional Estándar del Libro |
9789945888911 |
| 040 ## - FUENTE DE LA CATALOGACIÓN |
| Centro catalogador/agencia de origen |
DO-SdBNP |
| Lengua de catalogación |
spa |
| Centro/agencia transcriptor |
BNPHU |
| 082 ## - NÚMERO DE LA CLASIFICACIÓN DECIMAL DEWEY |
| Número de documento/Ítem |
R457e |
| 100 1# - ENTRADA PRINCIPAL--NOMBRE DE PERSONA |
| Nombre de persona |
Reyes Henríquez, Luis T. |
| 9 (RLIN) |
80121 |
| 245 00 - MENCIÓN DE TÍTULO |
| Título |
Evaluación económica del sistema dominicano de seguridad social, 2001-2015 / |
| Resto del título |
Luis T. Reyes Henríquez; prólogo de Raúl E. Hernández Báez |
| 260 ## - PUBLICACIÓN, DISTRIBUCIÓN, ETC. |
| Lugar de publicación, distribución, etc. |
Santo Domingo : |
| Nombre del editor, distribuidor, etc. |
Cipriano, SRL, |
| Fecha de publicación, distribución, etc. |
2019 |
| 300 ## - DESCRIPCIÓN FÍSICA |
| Extensión |
269 p. : |
| Otras características físicas |
il., gráf. ; |
| Dimensiones |
23 cm. |
| 500 ## - NOTA GENERAL |
| Nota general |
Incluye biografía del autor en las solapas. |
| 500 ## - NOTA GENERAL |
| Nota general |
Incluye bibliografía y notas al pié de páginas. |
| 505 0# - NOTA DE CONTENIDO CON FORMATO |
| Nota de contenido con formato |
Prólogo. |
| Información miscelánea |
Título 1. |
| Título |
Evasión Contributiva.-- |
| Información miscelánea |
Título 2. |
| Título |
La informalidad y el Sistema Dominicano de Seguro.-- |
| Información miscelánea |
Título 3. |
| Título |
Determinantes a la cotización del sistema de ahorro Previsional Dominicano: un enfoque econométrico (I).-- |
| Información miscelánea |
Título 4. |
| Título |
Determinantes a la cotización del sistema de salud dominicano: un enfoque econométrico (II).-- |
| Información miscelánea |
Título 6. |
| Título |
Fondo Nacional de Atención Médica por Accidentes de Tránsito: Contexto, Análisis y Equilibrio Financiero.-- |
| Información miscelánea |
Título 7. |
| Título |
Bonos de Reconocimiento Perspectiva Fiscal del Sistema Previsional Dominicano.-- |
| Información miscelánea |
Título 8. |
| Título |
Fondos de Pensiones Dominicanos: Revisión Regulatoria de Intervenciones y Determinación de Frontera Eficiente de Portafolio.-- |
| Información miscelánea |
Título 9 |
| Título |
Déficit Operacional del Sistema de Reparto: Perspectiva Fiscal del sistema Previsional Dominicano (III).-- |
| Información miscelánea |
Título 10. |
| Título |
Impacto de los cargos por Comisiones en los Fondos de Pensiones Dominicanos.-- |
| Información miscelánea |
Título 11. |
| Título |
Pensión mínima Perspectiva Fiscal del Sistema Previsional Dominicano (III).-- |
| Información miscelánea |
Título 12. |
| Título |
Impacto Macroeconó de los Fondos de Pensiones. |
| 590 ## - NOTA LOCAL (RLIN) |
| Nota local |
Inventariado 2021 / MF |
| 700 1# - PUNTO DE ACCESO ADICIONAL--NOMBRE DE PERSONA |
| 9 (RLIN) |
75167 |
| Nombre de persona |
Hernández Báez, Raúl E., |
| Término indicativo de función/relación |
pról. |
| 942 ## - ELEMENTOS DE PUNTO DE ACCESO ADICIONAL (KOHA) |
| Fuente del sistema de clasificación o colocación |
Dewey Decimal Classification |
| Tipo de ítem Koha |
Libro |